| 000 | 00685nam a2200205Ia 4500 | ||
|---|---|---|---|
| 003 | GCL | ||
| 008 | 140319s9999 xx 000 0 ara d | ||
| 040 |
_aGCL / _cGCL |
||
| 082 | 0 | 4 |
_a923.2 _bه م |
| 100 | 1 | _aهالى, اليكس | |
| 245 | 1 | 0 |
_aملكوم اكس : سيرة ذاتية / _cهالى, اليكس |
| 700 | 1 | _aليلى ابوزيد | |
| 300 | _a362 ص | ||
| 490 |
_aالهيئة العامة للاستعلامات _v0 |
||
| 650 | 0 | 4 | _aالولايات المتحدة الامريكية |
| 650 | 0 | 4 | _aالرجال - تراجم |
| 650 | 0 | 4 | _aالمسلمون فى الولايات المتحدة الامريكية |
| 650 | 0 | 4 | _aاكس, ملكوم |
| 942 |
_2ddc _cBK |
||
| 999 |
_c48515 _d48515 |
||